Normal view
MARC view
- Bauman, H-Dirksen L. editor
Entry Personal Name
001 - CONTROL NUMBER
- control field: 37771
003 - CONTROL NUMBER IDENTIFIER
- control field: OSt
005 - DATE AND TIME OF LATEST TRANSACTION
- control field: 20190327140116.0
008 - FIXED-LENGTH DATA ELEMENTS
- fixed length control field: 190327|| aca||aabn | a|a d
040 ## - CATALOGING SOURCE
- Original cataloging agency: OSt
- Transcribing agency: OSt
100 ## - HEADING--PERSONAL NAME
- Personal name: Bauman, H-Dirksen L. editor
670 ## - SOURCE DATA FOUND
- Source citation: Work cat.: (OSt): Bauman,H-Dirksen L. 37768, Deaf gain:, ©2014.
